Statistiken für Star Wars the Clone Wars

Klicken Sie hier um das Quiz zu spielen!

Allgemein

  • Dieses Quiz wurde 501 mal gespielt
    (496 seit der letzten Aktualisierung)
  • Das Durchschnittsergebnis liegt bei 18 aus 108

Antwortstatistiken

Nummer/Dienstgrad/StaffelKlon% Korrekt
CT-7567, DER KLON DER SERIE, Captain (später Kommandant) der 501. LegionRex
96%
CC-2224, Kommandant des 7. Sky Corps und des 212. AngriffsbataillonsCody
88%
CT-27-5555, ARC-5555 oder auch CT-5555 DIE LEGENDE DER SERIE DominoFives
84%
(CT-21-0408) jetzt CT-1409, "Domino-Einheit" 501.Legion (Legende)Echo
73%
CC-3636, Kommandant des WolfsrudelsWolffe
54%
CC-1010, Kommandant und Anführer der Corruscant-WachenFox
49%
Die Intelligenteste Reinigungskraft99
47%
CC-1004, Offizier des 41. ElitekorpsGree
47%
Geisterkompanie des 212Boil
44%
CT-782, (Legende), "Domino-Einheit"Hevy
43%
Geisterkompanie des 212. AngriffsbataillonsWaxer
43%
Commander des SternenkorpsBly
35%
501. Legion (Schlacht von Umbara)Hardcase
35%
CT-5597, 501. Legion, UmbaraJesse
34%
CT-6116, Sanitäter der 501. LegionKix
32%
501. LegionDogma
31%
CC-5576-39, Captain der Elite-EinheitGregor
28%
Kommandant des Diplomatischen Dienstes, (Für Profis:FÜR DIE REPUBLIK)Thorn
27%
CT-5385, Krieger der 501. LegionTup
27%
CT-4040, Rishi-Mond AussenpostenCutup
26%
CC-1119, 501.LegionAppo
25%
CC-6454, Kommandant der Blitz-StaffelPonds
23%
Captain der Ehrenhaft auf Ryloth starbKeeli
21%
ARC-KommandantBlitz
20%
CT-00-2010, "Domino-Einheit", Rishi-Mond AussenpostenDroidbait
19%
CC-1138, MarineinfanterieBacara
18%
WolfsrudelBoost
18%
Kommandant des Rancor BataillonsColt
18%
WolfsrudelSinker
18%
Leutnant der StoßtruppenThire
18%
blaue StaffelAxe
17%
CC-8826, Kommandant des 91. AufklärungskorpsNeyo
17%
Sergeant, DeserteurSlick
17%
CT-9529, 2. Schlacht von Geonosis (Infizierter)Havoc
16%
große Armee der RepublikBel
15%
CC-3714, Kommandant der großen Armee der Rep.Fil
15%
Soldat der 501. LegionLucky
15%
Pilot bei Christophsis und TethHawk
14%
CC-1993, Kommandant der FlammentrupplerJet
14%
CT-19-7409, Sergeant des Rishi-Mond-AussenpostensO´Niner
14%
Sergeant der Torrent-KompanieDenal
13%
Schatten zwei der SchattenstaffelMatchstick
13%
Führte die Schlacht von Mon Cala anMonnk
13%
CC-5869, Kommandant der Corruscant-WachenStone
13%
Kommandant in der großen Armee der Rep.Doom
12%
Soldat des 212. AngriffsbataillonsLongshot
12%
41.ElitekorpsBuzz
11%
große Armee der RepublikCharger
11%
WolfsrudelComet
11%
Sergeant der Advanced Recon ForceHound
11%
Stand unter dem Kommando von Ltd. Thire auf RugosaJek
11%
Das Scharmützel auf CoronetMixer
11%
Stand unter dem Kommando von Commander Fil auf VassekNiner
11%
Offizier, Große Armee der RepublikBlackout
10%
Das Scharmützel auf der CoronetRedeye
10%
Kommandant auf DevaronTrauma
10%
SchattenstaffelBroadside
9%
desertierte und ließ sich auf Saleucami niederCut Lawquane
9%
Schlacht um Malastare unter Kommando von PondsHawkeye
9%
2. Schlacht von Geonosis (Infizierter)Ox
9%
große Armee der RepublikCameron
8%
Aufklärungseinheit, Schlacht um ChristophsisChopper
8%
große Armee der RepublikCosmos
8%
Sergeant der großen Armee der Rep., Anführer der Klon-JugendbrigadeCrasher
8%
große Armee der Rep.Draa
8%
CT-9538, 2. Schlacht von GeonosisEdge
8%
Klon-KadettHotshot
8%
Pilot der blauen Staffel (4)Kickback
8%
Stoßtruppe auf Rugosa gestrandetRys
8%
ARF-Trooper, Blitzstaffel, RylothStak
8%
Schattenstaffel, Schatten 5Tag
8%
CL-9632, Kommandierender Offizier der Tango-KompanieTrap
8%
212. AngriffsbataillonCrys
7%
Klon-Sergeant stationiert auf der "Endurance"Fury
7%
212. AngriffsbataillonGearshift
7%
große Armee der Rep.Gus
7%
Klon-KadettJax
7%
Schlacht von ChristophsisJester
7%
Pilot aus der Flotte von Obi-Wan-KenobiKiller
7%
Soldat der 501. LegionKoho
7%
CC-4142, Captain des "Breakout-Teams"Lock
7%
Schlacht um Christophsis, AufklärungseinheitPunch
7%
CT-6910, Schlacht von Ryloth für Mace Windu, ARF-TrooperRazor
7%
CT-9544, Infizierter von GeonosisScythe
7%
Pilot der blauen Staffel, 3Slammer
7%
CT-1284, Aufgenommen auf dem Tarnschiff (Christophsis)Spark
7%
ARF-TrooperTrapper
7%
Krieger des 212. AngriffsbataillonsWooley
7%
NavigationsoffizierZak
7%
Klon-Kadett1151
6%
Klon-Kadett1174
6%
CT-4981, SchattenstaffelContrail
6%
Deckoffizier des Rishi-Mond AussenpostensCT-327
6%
Pilot aus der Flotte von Obi-Wan-KenobiEngle
6%
Pilot bei der Schlacht um MalastareGoji
6%
Klonpilot der Republik (Jar Jar Binks Sequenz)Mack
6%
CT-9521, 2. Schlacht von Geonosis (Infizierter)Pulsar
6%
Schütze auf MalastareRod
6%
SchattenstaffelSchatten 4
6%
Captain dann MedioffizierSilver
6%
Aurebesh-S Tätowierung, AufklärungseinheitSketch
6%
Klonpilot, blaue StaffelSwoop
6%
CC-2801, Kommandant eines Regiments holt sich neue Rekruten auf KaminoTacks
6%
Nummer 5 der blauen StaffelTucker
6%
Große Armee der Rep.CT-1477
5%
Sergeant der 182. LegionMarrt
5%
91. AufklärungskorpsCT-3423
4%
Commander auf Orto PlutoniaMag
4%

Verteilung der Resultate

Perzentil nach korrekt beantworteten Fragen

Anzahl Personen mit jedem Resultat

Ihre Resultats-Entwicklung

Sie haben dieses Quiz seit der letzten Aktualisierung nicht gespielt